000
00333pab a2200145 454500
008
180718b1989 xxu||||| |||| 00| 0 eng d
100
_a
Pandey, H.K.
245
_a
Municipal health services
260
_c
1989
300
_a
47-8
362
_a
Jul.
650
_a
Health Services - India
773
_a
Civic Affairs
909
_a
10085
999
_c
10085
_d
10085